La regla de tres

Gardado en:
Detalles Bibliográficos
Autor Principal: Gala, Antonio (Author)
Formato: Libro
Idioma:Lingua castelá
Publicado: Barcelona Planeta 2000
Edición:3a. ed
Series:Clásicos de Nuestro Tiempo, 3
Subjects:
Tags: Engadir etiqueta
Sen Etiquetas, Sexa o primeiro en etiquetar este rexistro!

MARC

LEADER 00000nam a2200000 a 4500
001 UCI6530
003 CL-VaPUC
008 080509e20000000SP |||||||||||||||||spa|d
020 |a 8408464078 
082 0 4 |a 863  |b GAL  |2 21 
100 |a Gala, Antonio  |e author  |9 529442 
245 1 3 |a La regla de tres 
250 |a 3a. ed 
300 |a 303 p 
942 |c BK 
945 |d 20080509 00:00:00  |a jtorresc 
260 |a Barcelona  |b Planeta  |c 2000 
650 0 |a Novelas españolas  |9 265052 
650 0 |a Literatura española  |9 306261 
583 |a last modification  |c 20080509 00:00:00  |k Rodrigo Vera 
490 0 |a Clásicos de Nuestro Tiempo, 3 
999 |c 330003  |d 330001